Échelle de mots : des USA à la Chine - Statistiques

Statistiques générales
  • Ce quiz a été pris 12 246 fois
  • Le résultat moyen est 29 sur 40
Statistiques - réponses
Indice Réponse % Correct
Pays composé de 50 Etats USA
100%
Trop utilisé, détérioré Usé
95%
Le cinéma en est le 7ème Art
89%
"Arriver à bon .... " Port
89%
Jeté par les sorcières Sort
89%
Ne dit pas la vérité Ment
88%
Étaient, mais au présent Sont
86%
Petit de la vache Veau
86%
Morceau, portion (Ajouter une lettre) Part
85%
Pays le plus peuplé en 2022 Chine
83%
On y a mal lors d'une migraine Tête
83%
A 5 doigts (Enlever une lettre) Main
81%
Maladie de la dent Carie
80%
Porte une alliance Marié
80%
Première page d'un journal Une
80%
Rusé Malin
78%
Homme habile dans l'art de la navigation sur mer Marin
77%
Hurle Crie
76%
Élévation naturelle Mont
76%
Il en existe d'identité, d'étudiant ou d'électeur Carte
75%
Habillé Vêtu
75%
Attaché à ses opinions Têtu
74%
Unité de surface égale à 100 m2 Are
73%
S'adresse à Dieu Prie
73%
Poil des chevaux Crin
72%
Angle d'une pièce Coin
71%
Touche, explore avec la main Tâte
71%
Mammifère gris à longues oreilles Âne
66%
Préparation de pâte garnie (Ajouter une lettre) Tarte
66%
Grand arbre (Ajouter une lettre) Chêne
65%
Règle une facture Paie
65%
Premier meurtrier de l'humanité Caïn
63%
Poisson en forme de losange Raie
57%
Dernier repas du Christ Cène
55%
Fait avancer une embarcation Rame
53%
Se ballade avec ses petits sur les lacs Cane
51%
Mot familier pour de la drogue Came
50%
Très mince, frêle Menu
50%
A répondu présent Venu
49%
Femme Dame
47%
Aucun quiz correspondant
Distribution des résultats
% des personnes avec chaque résultat
Percentile par nombre de réponses
Votre historique - résultats
Vous n’avez pas pris ce quiz